[Event "NM for klubblag 2017"]
[Site "Scandic Kristiansund"]
[Date "2017.10.20"]
[Round "5"]
[White "Fuglestein, Sander"]
[Black "Gilsson, Åsmund"]
[Result "1-0"]
[WhiteElo "1445"]
[BlackElo "1424"]
[Annotator "05benbjo"]
[PlyCount "89"]
[EventDate "2017.??.??"]

1. e4 e5 2. Nf3 d6 3. Bc4 Be7 4. O-O Bg4 5. h3 Bh5 6. c3 Nf6 7. d3 Nbd7 8. Re1
Nb6 9. Bb3 O-O 10. Nbd2 Nfd7 11. Nf1 Nc5 12. Bc2 f5 13. exf5 Bxf3 14. Qxf3 Bg5
15. Bxg5 Qxg5 16. d4 Ne6 17. Qg3 Qxg3 18. Nxg3 Nf4 19. dxe5 dxe5 20. Rxe5 Rfe8
21. Rxe8+ Rxe8 22. Kf1 Kf8 23. Rd1 c6 24. Ne4 Nbd5 25. g3 Nh5 26. Nd6 Re7 27.
Re1 Nxg3+ 28. fxg3 Ne3+ 29. Kf2 Nxc2 30. Rxe7 Kxe7 31. Ne4 b5 32. Ke2 b4 33.
Kd2 b3 34. axb3 Na1 35. Nc5 a5 36. b4 Kd6 37. Ne6 axb4 38. Nxg7 Nb3+ 39. Ke3
bxc3 40. bxc3 Ke5 41. g4 Nc5 42. Ne6 Ne4 43. c4 Nf6 44. Nd8 c5 45. Nf7#
1-0

[Event "NM for klubblag 2017"]
[Site "Scandic Kristiansund"]
[Date "2017.10.20"]
[Round "5"]
[White "Elsness, Frode"]
[Black "Tari, Aryan"]
[Result "1-0"]
[WhiteElo "2472"]
[BlackElo "2586"]
[Annotator "05benbjo"]
[PlyCount "59"]
[EventDate "2017.??.??"]

1. Nf3 d5 2. c4 d4 3. b4 g6 4. d3 Bg7 5. g3 a5 6. b5 b6 7. Bg2 Bb7 8. O-O e5 9.
Nbd2 Ne7 10. Ba3 Nd7 11. Rc1 O-O 12. e3 dxe3 13. fxe3 Nc5 14. Ne4 Bxe4 15. dxe4
Qxd1 16. Rcxd1 Rad8 17. Bh3 Bf6 18. Bxc5 bxc5 19. a4 Bg7 20. Bd7 Bh6 21. Kf2 f5
22. Nxe5 fxe4+ 23. Ke2 Kg7 24. Rxf8 Rxf8 25. Bh3 Bg5 26. Rd7 Kf6 27. Ng4+ Ke6
28. Nf2+ Ke5 29. Rxc7 Kd6 30. Rd7+
1-0

[Event "NM for klubblag 2017"]
[Site "Scandic Kristiansund"]
[Date "2017.10.20"]
[Round "5"]
[White "Elseth, Roar"]
[Black "Bentsen, Håkon"]
[Result "1-0"]
[WhiteElo "2262"]
[BlackElo "2008"]
[Annotator "05benbjo"]
[PlyCount "91"]
[EventDate "2017.??.??"]

1. Nf3 Nf6 2. c4 e6 3. g3 d5 4. d4 Be7 5. Bg2 O-O 6. O-O dxc4 7. Qa4 a6 8. Qxc4
b5 9. Qc2 Bb7 10. Bf4 Nc6 11. a3 Nxd4 12. Nxd4 Bxg2 13. Nxe6 fxe6 14. Kxg2 Nd5
15. Bd2 c5 16. Nc3 Nxc3 17. Bxc3 Bf6 18. Rad1 Qc7 19. Qe4 Rae8 20. Bxf6 Rxf6
21. Rd2 c4 22. f3 Rd8 23. Rfd1 Rxd2 24. Rxd2 a5 25. Qa8+ Rf8 26. Qa6 Qe5 27.
Qxa5 Qe3 28. Qc3 Qxc3 29. bxc3 Ra8 30. Ra2 Kf7 31. Kf2 e5 32. Ke3 Ke6 33. Ke4
g5 34. e3 Ra7 35. h4 gxh4 36. gxh4 Ra8 37. h5 h6 38. f4 exf4 39. exf4 Kd6 40.
Rg2 Kc5 41. f5 Rxa3 42. f6 Kd6 43. Rf2 Ra8 44. Kf5 b4 45. cxb4 c3 46. Re2
1-0

[Event "NM for klubblag 2017"]
[Site "Scandic Kristiansund"]
[Date "2017.10.20"]
[Round "5"]
[White "Dubonnet, Emerik"]
[Black "Berg, Thomas"]
[Result "1-0"]
[WhiteElo "960"]
[BlackElo "1044"]
[PlyCount "59"]
[EventDate "2017.??.??"]

1. d4 d5 2. c4 c6 3. Nc3 Nf6 4. Nf3 e6 5. Bf4 Bd6 6. Bg3 Bxg3 7. hxg3 h6 8. e3
Nbd7 9. Bd3 dxc4 10. Bxc4 b5 11. Bd3 a6 12. a4 Bb7 13. Rc1 O-O 14. O-O Rc8 15.
Qe2 b4 16. Ne4 Nxe4 17. Bxe4 Nf6 18. Bd3 a5 19. Nd2 Re8 20. f4 Qd5 21. Rc5 Qd8
22. Nb3 Ra8 23. Rfc1 Qe7 24. Rxa5 Rxa5 25. Nxa5 Ra8 26. Nxc6 Bxc6 27. Rxc6 Rxa4
28. Rc8+ Ne8 29. Bb5 Ra1+ 30. Kf2
1-0

[Event "NM for klubblag 2017"]
[Site "Scandic Kristiansund"]
[Date "2017.10.20"]
[Round "5"]
[White "David, Edwin"]
[Black "Haug, Johannes"]
[Result "1-0"]
[WhiteElo "2148"]
[BlackElo "2363"]
[Annotator "05benbjo"]
[PlyCount "99"]
[EventDate "2017.??.??"]

1. d4 Nf6 2. c4 e6 3. Nc3 Bb4 4. e3 O-O 5. Nge2 c6 6. a3 Ba5 7. Qc2 d5 8. Ng3
Bc7 9. cxd5 exd5 10. Bd3 Re8 11. Nce2 Nbd7 12. f3 Qe7 13. b4 a5 14. Rb1 Nf8 15.
O-O h5 16. b5 Bd7 17. bxc6 bxc6 18. Rb7 Bc8 19. Rb1 Ba6 20. Bxa6 Rxa6 21. a4
Qd7 22. Bd2 g6 23. Rfc1 Ne6 24. h4 Qe7 25. Qd3 Rea8 26. Be1 Nd7 27. Nf1 Ng7 28.
Rb7 Nf6 29. Bg3 Nge8 30. Qc3 Qd8 31. Bxc7 Nxc7 32. Nf4 Nfe8 33. Qe1 Nd6 34.
Rbb1 Nf5 35. g3 Ne8 36. Nd3 Ned6 37. Ne5 Qe8 38. Rc3 f6 39. Nd3 Nc4 40. Nc5
R6a7 41. g4 hxg4 42. fxg4 Nfd6 43. Qf2 Rf7 44. Ng3 f5 45. gxf5 Nxf5 46. Nxf5
Rxf5 47. Qg3 Qf7 48. e4 Rf4 49. Ne6 Rxe4 50. Rb8+
1-0

[Event "NM for klubblag 2017"]
[Site "Scandic Kristiansund"]
[Date "2017.10.20"]
[Round "5"]
[White "Darnell, Anton"]
[Black "Joa, Sander"]
[Result "1-0"]
[WhiteElo "2029"]
[BlackElo "1187"]
[Annotator "05benbjo"]
[PlyCount "67"]
[EventDate "2017.??.??"]

1. d4 Nf6 2. Nc3 e6 3. Bf4 c5 4. e3 a6 5. Nf3 Nc6 6. a3 d5 7. Bd3 b5 8. dxc5
Bxc5 9. O-O Nh5 10. Bg5 f6 11. Bh4 e5 12. Nxe5 Nxe5 13. Qxh5+ g6 14. Qxe5+ fxe5
15. Bxd8 d4 16. Ne4 Ba7 17. Bf6 Rf8 18. Bg7 dxe3 19. Nd6+ Ke7 20. Bxf8+ Kxf8
21. fxe3+ Kg8 22. Nxc8 Bxe3+ 23. Kh1 Rxc8 24. Rae1 Bh6 25. c3 Rd8 26. Rd1 Re8
27. Be4 Re7 28. Rd8+ Kg7 29. Bd5 Bf4 30. g3 Be3 31. h4 e4 32. g4 g5 33. Rg8+
Kh6 34. Rf6#
1-0

[Event "NM for klubblag 2017"]
[Site "Scandic Kristiansund"]
[Date "2017.10.20"]
[Round "5"]
[White "Christiansen, Johan-Sebastian"]
[Black "Hansen, Torbjørn R."]
[Result "0-1"]
[WhiteElo "2459"]
[BlackElo "2402"]
[Annotator "05benbjo"]
[PlyCount "110"]
[EventDate "2017.??.??"]

1. Nf3 Nf6 2. c4 g6 3. g3 Bg7 4. Bg2 O-O 5. d4 c5 6. Nc3 Nc6 7. O-O d6 8. dxc5
dxc5 9. Be3 Be6 10. Qa4 Nd7 11. Rad1 Qc8 12. Nd5 Re8 13. Qa3 Nb6 14. b3 Bxd5
15. cxd5 Nb4 16. Rc1 N4xd5 17. Bxc5 Qe6 18. Rfe1 Rac8 19. Nd4 Qe5 20. e4 Nf6
21. Nf3 Qb8 22. e5 Nfd5 23. Bh3 e6 24. Bd6 Bf8 25. Rxc8 Rxc8 26. Ng5 Rc6 27.
Bxf8 Qxf8 28. Qxa7 Qb4 29. Rd1 h6 30. Nf3 Qe4 31. Bg2 Qc2 32. Re1 Rc7 33. Qa5
Rc5 34. Qa7 Rc7 35. Bf1 Qc3 36. Kg2 Kg7 37. Qa3 Rc5 38. Qa7 Rc7 39. h4 Qb4 40.
Bd3 Rc3 41. Re4 Qc5 42. Rd4 Nb4 43. Rc4 Rxc4 44. Bxc4 Qc6 45. Be2 N6d5 46. a3
Nc2 47. Bd1 b6 48. Kg1 Nce3 49. Be2 Qc1+ 50. Kh2 Ng4+ 51. Kh3 Qh1+ 52. Kxg4 h5+
53. Kg5 Qc1+ 54. Nd2 Qxd2+ 55. f4 Qxe2
0-1

[Event "NM for klubblag 2017"]
[Site "Scandic Kristiansund"]
[Date "2017.10.20"]
[Round "6"]
[White "Nordquelle, Daniel"]
[Black "Fuglestein, Sander"]
[Result "1-0"]
[WhiteElo "2068"]
[BlackElo "1445"]
[PlyCount "29"]
[EventDate "2017.??.??"]

1. e4 c6 2. d4 d5 3. e5 Bf5 4. h4 h5 5. c4 e6 6. Nc3 Nd7 7. Nge2 dxc4 8. Ng3
Bg6 9. Bxc4 Ne7 10. Bg5 Nb6 11. Be2 Qd7 12. O-O Rd8 13. Nce4 Nbc8 14. Bxh5 Qxd4
15. Nd6+
1-0

[Event "NM for klubblag 2017"]
[Site "Scandic Kristiansund"]
[Date "2017.10.22"]
[Round "6"]
[White "Mikalsen, Øyvind G"]
[Black "Myran, Brage"]
[Result "1/2-1/2"]
[WhiteElo "1058"]
[BlackElo "1244"]
[PlyCount "61"]
[EventDate "2017.??.??"]

1. e4 e6 2. d4 d5 3. exd5 exd5 4. Bd3 Bd6 5. h3 Ne7 6. Nf3 O-O 7. O-O Bf5 8. c3
Nbc6 9. Bg5 Qd7 10. Bxe7 Nxe7 11. Re1 Rfe8 12. Ne5 Bxe5 13. Rxe5 Bxd3 14. Qxd3
Ng6 15. Rxe8+ Rxe8 16. Nd2 Nf4 17. Qf3 Qf5 18. g4 Ne2+ 19. Kf1 Qxf3 20. Nxf3
Nf4 21. h4 Kf8 22. Re1 Rxe1+ 23. Nxe1 Ke7 24. f3 h6 25. Kf2 f5 26. Ke3 g5 27.
h5 Kf6 28. Nd3 Nxd3 29. Kxd3 f4 30. b4 b5 31. a3
1/2-1/2

[Event "NM for klubblag 2017"]
[Site "Scandic Kristiansund"]
[Date "2017.10.20"]
[Round "6"]
[White "Forfang, Åsmund"]
[Black "Henøen, Mats Peter"]
[Result "1/2-1/2"]
[WhiteElo "1387"]
[BlackElo "1178"]
[PlyCount "43"]
[EventDate "2017.??.??"]

1. c4 g6 2. Nf3 Bg7 3. e3 Nf6 4. Nc3 O-O 5. Be2 b6 6. O-O Bb7 7. Qc2 d6 8. Rb1
Nbd7 9. b3 Nc5 10. b4 Nce4 11. Bb2 Nxc3 12. Bxc3 e5 13. d3 e4 14. Nd2 exd3 15.
Bxd3 c5 16. Bxf6 Qxf6 17. Be4 Bxe4 18. Nxe4 Qe7 19. bxc5 dxc5 20. Nc3 Bxc3 21.
Qxc3 Rad8 22. Qc2
1/2-1/2